Vybrané kapitoly z radioelektroniky
Enregistré dans:
| Auteur principal: | |
|---|---|
| Format: | Livre |
| Langue: | tchèque |
| Publié: |
Praha :
Academia,
1969
|
| Édition: | 1. vyd. |
| Tags: |
Pas de tags, Soyez le premier à ajouter un tag!
|
MARC
| LEADER | 00000nam a22000003a 4500 | ||
|---|---|---|---|
| 001 | stu53441 | ||
| 005 | 20260317105336.0 | ||
| 008 | 000504s1969----cs------------------cze-d | ||
| 040 | |a STU |b slo | ||
| 041 | 0 | |a cze | |
| 044 | |a cs | ||
| 080 | |a 621.38 /075/ | ||
| 100 | 1 | |a Kvasil, Bohumil |4 aut | |
| 245 | 1 | |a Vybrané kapitoly z radioelektroniky | |
| 250 | |a 1. vyd. | ||
| 260 | |a Praha : |b Academia, |c 1969 | ||
| 300 | |a 364 s. | ||
| 996 | |b 284EK04491 |c E*21779 |l EE01 |s A |a 24 |w stu53441_0001 | ||
| 996 | |b 284EK04495 |c E*21784 |l EE0101 |s P |a 0 |w stu53441_0006 | ||